Խալիչա : (Record no. 94889)
[ view plain ]
| 000 -LEADER | |
|---|---|
| fixed length control field | 00788nam a2200193 a 4500 |
| 001 - CONTROL NUMBER | |
| control field | 000262037 |
| 003 - CONTROL NUMBER IDENTIFIER | |
| control field | AM-YeHGA |
| 005 - DATE AND TIME OF LATEST TRANSACTION | |
| control field | 20250618071743.0 |
| 008 - FIXED-LENGTH DATA ELEMENTS--GENERAL INFORMATION | |
| fixed length control field | 030915s1936 ||| 000 | arm d |
| 040 ## - CATALOGING SOURCE | |
| Original cataloging agency | AM-YeHGA |
| 090 ## - LOCALLY ASSIGNED LC-TYPE CALL NUMBER (OCLC); LOCAL CALL NUMBER (RLIN) | |
| -- | 96190 |
| 100 1# - MAIN ENTRY--PERSONAL NAME | |
| Personal name | Դարբինյան, Մաթևոս Կարապետի, |
| Dates associated with a name | 1889-1937 |
| 9 (RLIN) | 1906 |
| 245 10 - TITLE STATEMENT | |
| Title | Խալիչա : |
| Remainder of title | (Յերկու բալլադ) / |
| Statement of responsibility, etc. | Մ. Դարբինյան. |
| 260 ## - PUBLICATION, DISTRIBUTION, ETC. | |
| Place of publication, distribution, etc. | Թիֆլիս : |
| Name of publisher, distributor, etc. | Պրոլետար օրաթերթի հրատ., |
| Date of publication, distribution, etc. | 1936. |
| 300 ## - PHYSICAL DESCRIPTION | |
| Extent | 56 էջ |
| Other physical details | նկ. ; |
| Dimensions | 19 սմ. |
| 440 #0 - SERIES STATEMENT/ADDED ENTRY--TITLE | |
| Title | Պրոլետարի գեղարվեստական-քաղաքական մասսայական գրադարան |
| 505 0# - FORMATTED CONTENTS NOTE | |
| Formatted contents note | Բովանդ.՝ Խալիչա, Մոհամմեդ Աբդուլլա |
| 650 14 - SUBJECT ADDED ENTRY--TOPICAL TERM | |
| Topical term or geographic name entry element | Հայ գրականություն |
| General subdivision | Պոեզիա |
| Withdrawn status | Lost status | Damaged status | Not for loan | Collection | Home library | Current library | Date acquired | Total checkouts | Full call number | Barcode | Date last seen | Price effective from | Koha item type | Public note |
|---|---|---|---|---|---|---|---|---|---|---|---|---|---|---|
| General | Fundamental Scientific Library | Fundamental Scientific Library | 22/12/2016 | AII/38250 | 220038250 | 22/12/2016 | 22/12/2016 | Գրքեր / Books | 30 Days Loan |
ՀՀ Գիտությունների ազգային ակադեմիայի հիմնարար գիտական գրադարան = Fundamental Scientific Library of NAS RA
All site content, except where otherwise noted, is licensed under a